000 01771cam a2200313 4500
001 4922
005 20181127174417.0
008 140124s2013 nyu 000 0aeng d
010 _a 2013474298
020 _a0062236679 (hardcover)
020 _a0062292463 (signed ed.)
020 _a0062320386 (international ed.)
020 _a9780062292469 (signed ed.)
020 _a9780062320384 (international ed.)
020 _a9781408842416
100 1 _aPatchett, Ann,
_eauthor.
245 1 0 _aThis is the story of a happy marriage /
_cAnn Patchett.
250 _aFirst edition.
264 1 _aLondon :
_bBloomsbury,
_c2013.
300 _ax, 306 pages ;
_c24 cm
336 _atext
_btxt
_2rdacontent
337 _aunmediated
_bn
_2rdamedia
338 _avolume
_bnc
_2rdacarrier
505 0 _aNonfiction, an introduction -- How to read a Christmas story -- The getaway car : a practical memoir about writing and life -- The sacrament of divorce -- The Paris match -- This dog's life -- The best seat in the house -- My road to Hell was paved -- Tennessee -- On responsibility -- The wall -- Fact vs. fiction -- My life in sales -- ""The love between the two women is not normal"" -- The right to read -- Do not disturb -- Introduction to ""The Best American Short Stories 2006"" -- Love sustained -- The bookstore strikes back -- This is the story of a happy marriage -- Our deluge, drop by drop -- Dog without end -- The mercies.
520 _aAnn Patchett, author of State of Wonder, Run, and Bel Canto, examines her deepest commitments-- to writing, family, friends, dogs, books, and her husband-- creating a resonant portrait of her life.
600 1 0 _aPatchett, Ann
_xFamily.
600 1 0 _aPatchett, Ann.
650 0 _aAuthors, American
_y20th century
_vBiography.
999 _c4099
_d4099